Greek Gods - Statistics

General Stats
  • This quiz has been taken 98 times
  • The average score is 31 of 52
Answer Stats
Hint Answer % Correct
God of the sea Poseidon
100%
God of thunder and the sky Zeus
100%
God of the underworld Hades
97%
Goddess of marriage Hera
95%
Goddess of wisdom Athena
94%
Goddess of love and beauty Aphrodite
92%
God of light and music Apollo
90%
God of war Ares
90%
God of messengers and thieves Hermes
90%
Goddess of the hunt Artemis
87%
God of wine Dionysus
87%
God of fire and blacksmiths Hephaestus
81%
Goddess of the harvest Demeter
79%
Goddess of springtime Persephone
76%
Goddess of strife Eris
75%
Goddess of the hearth Hestia
75%
God of sex Eros
73%
Goddess of rainbows Iris
73%
God of the wild Pan
68%
God of the sun Helios
67%
God of sleep Hypnos
63%
Goddess of victory Nike
63%
Goddess of magic Hecate
62%
Goddess of revenge Nemesis
60%
Goddess of night Nyx
60%
Goddess of the moon Selene
60%
God of death Thanatos
57%
Goddess of dawn Eos
56%
God of dreams Morpheus
54%
Ferryman of the Underworld Charon
51%
Goddess of youth Hebe
51%
God of fear Phobos
49%
God of the deep pit Tartarus
49%
Goddesses of literature, arts, etc. The Muses
48%
Goddess of dolphins Delphin
44%
God of wind Aeolus
40%
Goddess of the soul Psyche
40%
Married to god of the sea Amphitrite
38%
God of medicine Asclepius
38%
Messenger of the sea Triton
38%
God of the north wind Boreas
35%
God of dread and terror Deimos
35%
God of the west wind Zephyrus
35%
Goddess of memory Mnemosyne
33%
Goddess of luck Tyche
33%
Goddess of aging Geras
32%
God of darkness Erebus
30%
God of the east wind Eurus
30%
Goddess of snow Khione
30%
God of the south wind Notus
30%
Goddess of day Hemera
27%
Goddess of insanity Mania
25%
No matching quizzes found
Score Distribution
Percent of People with Each Score
Percentile by Number Answered
Your Score History
You have not taken this quiz